000 00705cam a2200193 4500
008 000000n2000 000 0 eng u
035 _a(Sirsi) u107524
245 _aNot just hot air
260 _c2000
490 _aEvening Standard
_v2 August 2000, 2.9(1)
520 _aSuggests thart 'air rights' are likely to become increasingly important for freeholders who want to make extra money by adding an extra storey to their building. Air rights can include the attic space above a top floor flat or the top of a flat roof.
590 _aWB
650 _aAIR RIGHTS
650 _aFREEHOLDERS
650 _aLEASES
650 _aROOF SPACE
690 _aPROPERTY-LANDLORD AND TENANT
942 _n0
999 _c64265
_d64265